Państwa członkowskie UE - Statystyki

Ogólne statystyki
  • Ten quiz został rozwiązany 53 razy
  • Średni wynik to 26 z 28
Statystyki odpowiedzi
Rok Państwo % Poprawnych
2004 Polska
100%
2004 Czechy
97%
2004 Estonia
97%
1957 Francja
97%
1986 Hiszpania
97%
1957 Holandia
97%
1957 Niemcy
97%
2004 Słowenia
97%
1957 Belgia
94%
1973 Dania
94%
2004 Litwa
94%
2004 Łotwa
94%
1986 Portugalia
94%
2004 Słowacja
94%
1995 Szwecja
94%
1957 Włochy
94%
2013 Chorwacja
92%
1957 Luksemburg
92%
1973-2020 Wielka Brytania
92%
1995 Austria
89%
1995 Finlandia
89%
2007 Rumunia
89%
2004 Węgry
89%
2004 Cypr
86%
1981 Grecja
86%
2004 Malta
86%
2007 Bułgaria
83%
1973 Irlandia
83%
Nie znaleziono quizów pasujących do podanych kryteriów
Rozkład punktacji
Procent ludzi z każdym wynikiem
Percentyl według liczby udzielonych odpowiedzi
Twoja historia wyników
Nie rozwiązałeś tego quizu